The legacy of H. Richard Neibuhr (Record no. 33915)

MARC details
000 -LEADER
fixed length control field 00558nam a22001457a 4500
008 - FIXED-LENGTH DATA ELEMENTS--GENERAL INFORMATION
fixed length control field 090316t xxu||||| |||| 00| 0 eng d
050 ## - LIBRARY OF CONGRESS CALL NUMBER
Classification number BX4827.N5
Item number L42 1991
245 ## - TITLE STATEMENT
Title The legacy of H. Richard Neibuhr
Statement of responsibility, etc Ronal F. Thiemann
260 ## - PUBLICATION, DISTRIBUTION, ETC. (IMPRINT)
Place of publication, distribution, etc Minneapolis
Name of publisher, distributor, etc Fortress press
Date of publication, distribution, etc 1994
300 ## - PHYSICAL DESCRIPTION
Extent ix,148 p.;
Dimensions 22cm.
650 ## - SUBJECT ADDED ENTRY--TOPICAL TERM
Source of heading or term Niebhur, H. Richard (Helmult Ricard), 1994-1962
Topical term or geographic name as entry element Congresses
700 ## - ADDED ENTRY--PERSONAL NAME
Personal name Thiemann, Ronal F.
942 ## - ADDED ENTRY ELEMENTS (KOHA)
Source of classification or shelving scheme Library of Congress Classification
Item type Book
Holdings
Withdrawn status Lost status Source of classification or shelving scheme Damaged status Not for loan Collection code Home library Current library Shelving location Date acquired Total Checkouts Full call number Barcode Price effective from Koha item type
    Library of Congress Classification     Non-fiction Bishop Okullu Memorial Library (Limuru Campus) Bishop Okullu Memorial Library (Limuru Campus) General Circulation 16/03/2009   BX4827.N5 L42 1991 003038 16/03/2009 Book